000 00606nam a2200169 a 4500
008 120416s0000 ||||||||||||||||| || u
020 _a0821338005
050 _aIBRD(08)DP
100 _aNoel, Michel, 1954-
245 1 0 _aOn the road to EU accession
246 _afinancial sector development in Central Europe
260 _aWashington, D.C.
_bWorld Bank
_c1996
300 _axiii, 159p. : ill.
350 _a0.00
700 _aBorish, Michael S
995 _D0.00
_FCBU-MAIN LIBRARY (Kitwe)
_H1
_I0.00
_M1
_UAVAILABLE
_ZInternational Publications
999 _c52594
_d52594